000 00301nam a22001337a 4500
008 170131b xxu||||| |||| 00| 0 eng d
020 _a2900763745126
041 _aeng
080 _24TH
_a61
100 _a3
101 _aSHMI
245 _aDELIVERING HEALTH CARE IN AMERICA
_cSHI, L
942 _2udc
_cBK
999 _c4081
_d4081